[Event "Regionalliga NW 9798"]
[Site "Bayern"]
[Date "1998.??.??"]
[Round "?.2"]
[White "Eigelsperger, Martin"]
[Black "Schnell, Manfred"]
[Result "0-1"]
[WhiteElo "2015"]
[BlackElo "2035"]
[PlyCount "58"]
[EventDate "1997.10.??"]
[EventType "team-tourn"]
[EventRounds "9"]
[EventCountry "GER"]
[SourceTitle "EXT 2020"]
[Source "ChessBase"]
[SourceDate "2019.10.17"]
[SourceVersion "1"]
[SourceVersionDate "2019.10.17"]
[SourceQuality "1"]
[WhiteTeam "Bamberg SC III"]
[BlackTeam "Dettingen"]
[WhiteTeamCountry "GER"]
[BlackTeamCountry "GER"]

1. e4 e5 2. Nf3 Nc6 3. Bb5 a6 4. Ba4 Nf6 5. 0-0 Nxe4 6. d4 b5 7. Bb3 d5 8. dxe5 Be6 9. Nbd2 Bc5 10. Nxe4 dxe4 11. Bxe6 Qxd1 12. Bxf7+ Kxf7 13. Ng5+ Kg6 14. Rxd1 Rad8 15. Bf4 Kf5 16. g3 h6 17. Nh3 g5 18. Be3 Bxe3 19. fxe3 Nxe5 20. b3 Ng4 21. Nf2 Nxe3 22. Rxd8 Rxd8 23. Re1 Nxc2 24. Rxe4 Rd1+ 25. Kg2 h5 26. g4+ hxg4 27. Re7 Ra1 28. a4 bxa4 29. bxa4 Ne1+ 0-1

[Event "Regionalliga NW 9798"]
[Site "Bayern"]
[Date "1998.??.??"]
[Round "?.2"]
[White "Reis, Thomas"]
[Black "Eigelsperger, Martin"]
[Result "1/2-1/2"]
[WhiteElo "2018"]
[BlackElo "2010"]
[PlyCount "40"]
[EventDate "1997.10.??"]
[EventType "team-tourn"]
[EventRounds "9"]
[EventCountry "GER"]
[SourceTitle "EXT 2020"]
[Source "ChessBase"]
[SourceDate "2019.10.17"]
[SourceVersion "1"]
[SourceVersionDate "2019.10.17"]
[SourceQuality "1"]
[WhiteTeam "Sand"]
[BlackTeam "Bamberg SC III"]
[WhiteTeamCountry "GER"]
[BlackTeamCountry "GER"]

1. e4 e6 2. d4 d5 3. Nc3 Bb4 4. Nge2 dxe4 5. a3 Be7 6. Nxe4 Nf6 7. N2g3 Nbd7 8. Bd3 c5 9. dxc5 Nxc5 10. Nxc5 Bxc5 11. 0-0 0-0 12. Nh5 Be7 13. Qf3 Qa5 14. Nxf6+ Bxf6 15. Rd1 Rd8 16. c3 Bd7 17. Qe4 Qh5 18. Be2 Bc6 19. Bxh5 Bxe4 20. Be3 b6 1/2-1/2

[Event "Regionalliga NW 9697"]
[Site "Bayern"]
[Date "1997.??.??"]
[Round "?"]
[White "Ledfuss, Guntram"]
[Black "Eigelsperger, Martin"]
[Result "0-1"]
[WhiteElo "1950"]
[BlackElo "2010"]
[PlyCount "71"]
[EventDate "1996.10.??"]
[EventType "team-tourn"]
[EventRounds "9"]
[EventCountry "GER"]
[SourceTitle "EXT 1999"]
[Source "ChessBase"]
[SourceDate "1998.11.16"]
[SourceVersion "1"]
[SourceVersionDate "1998.11.16"]
[SourceQuality "1"]
[WhiteTeam "Sand"]
[BlackTeam "Bamberg SC III"]
[WhiteTeamCountry "GER"]
[BlackTeamCountry "GER"]

1. c4 e6 2. d4 d5 3. Nc3 Be7 4. e4 dxe4 5. Nxe4 Nd7 6. Nf3 Ngf6 7. Ng3 c5 8. Be2 0-0 9. 0-0 b6 10. Ne5 Bb7 11. Bf3 Qc8 12. Bxb7 Qxb7 13. Bg5 Rfd8 14. Ng4 cxd4 15. Re1 Rac8 16. Nh5 Rxc4 17. Ngxf6+ Nxf6 18. Bxf6 Bxf6 19. Nxf6+ gxf6 20. Qg4+ Kh8 21. Qh4 Qe7 22. Re5 d3 23. Qxc4 fxe5 24. Rd1 Rd4 25. Qc3 Qd7 26. Qd2 f6 27. Qh6 Qg7 28. Qd2 e4 29. Qc3 Qd7 30. Qd2 e5 31. Qh6 Qd6 32. Rc1 Qd8 33. Rd1 Rc4 34. Qh4 b5 35. h3 e3 36. Qh5 0-1

[Event "Regionalliga NW 9697"]
[Site "Bayern"]
[Date "1997.??.??"]
[Round "?"]
[White "Lippert, Frank"]
[Black "Eigelsperger, Martin"]
[Result "1-0"]
[WhiteElo "2055"]
[BlackElo "2010"]
[PlyCount "79"]
[EventDate "1996.10.??"]
[EventType "team-tourn"]
[EventRounds "9"]
[EventCountry "GER"]
[SourceTitle "EXT 1999"]
[Source "ChessBase"]
[SourceDate "1998.11.16"]
[SourceVersion "1"]
[SourceVersionDate "1998.11.16"]
[SourceQuality "1"]
[WhiteTeam "Sailauf"]
[BlackTeam "Bamberg SC III"]
[WhiteTeamCountry "GER"]
[BlackTeamCountry "GER"]

1. Nf3 d5 2. c4 e6 3. b3 Nf6 4. Bb2 Be7 5. Nc3 0-0 6. g3 c5 7. Bg2 d4 8. Nb1 Nc6 9. d3 e5 10. 0-0 Ne8 11. Nbd2 f5 12. a3 a5 13. Ne1 Nf6 14. Nc2 Bd6 15. b4 axb4 16. axb4 Rxa1 17. Qxa1 cxb4 18. Nb3 Qe7 19. Qa4 Nd7 20. Bc1 Nc5 21. Nxc5 Bxc5 22. Bd2 e4 23. Rb1 exd3 24. exd3 Qe2 25. Bxc6 bxc6 26. Bxb4 Bxb4 27. Nxb4 c5 28. Qc2 Qg4 29. Nd5 f4 30. Qd1 f3 31. Qf1 Bd7 32. Re1 Rb8 33. Rb1 Re8 34. Re1 Re2 35. Nf4 Rd2 36. Rd1 Rxd1 37. Qxd1 Bc6 38. Qe1 Qd7 39. Qe6+ Kf8 40. Qe5 1-0

[Event "Regionalliga NW 9798"]
[Site "Bayern"]
[Date "1997.??.??"]
[Round "?.2"]
[White "Simandl, Karel"]
[Black "Eigelsperger, Martin"]
[Result "0-1"]
[WhiteElo "2190"]
[BlackElo "2025"]
[PlyCount "68"]
[EventDate "1997.10.??"]
[EventType "team-tourn"]
[EventRounds "9"]
[EventCountry "GER"]
[SourceTitle "EXT 2020"]
[Source "ChessBase"]
[SourceDate "2019.10.17"]
[SourceVersion "1"]
[SourceVersionDate "2019.10.17"]
[SourceQuality "1"]
[WhiteTeam "Kronach"]
[BlackTeam "Bamberg SC III"]
[WhiteTeamCountry "GER"]
[BlackTeamCountry "GER"]

1. e4 e6 2. d4 d5 3. Nd2 c5 4. exd5 exd5 5. Bb5+ Nc6 6. Ngf3 Bd6 7. dxc5 Bxc5 8. 0-0 Nge7 9. Nb3 Bd6 10. Bg5 0-0 11. Nfd4 Qc7 12. h3 h6 13. Be3 Ne5 14. c3 a6 15. Be2 Nc4 16. Bxc4 dxc4 17. Nd2 Nd5 18. Qf3 Nxe3 19. fxe3 b5 20. e4 Bc5 21. Kh1 Rd8 22. e5 Bb7 23. Qg4 Qxe5 24. N2f3 Qe4 25. Qg3 Bd6 26. Qf2 Rd7 27. Rae1 Qg6 28. Ne5 Qh5 29. Ndf3 Re7 30. Ng4 Be4 31. Rd1 Bd3 32. Rfe1 f5 33. Nge5 Bxe5 34. Rxe5 Rxe5 0-1

[Event "Regionalliga NW 9697"]
[Site "Bayern"]
[Date "1996.??.??"]
[Round "?"]
[White "Stauch, Edgar"]
[Black "Eigelsperger, Martin"]
[Result "1-0"]
[WhiteElo "2075"]
[BlackElo "2010"]
[PlyCount "87"]
[EventDate "1996.10.??"]
[EventType "team-tourn"]
[EventRounds "9"]
[EventCountry "GER"]
[SourceTitle "EXT 1999"]
[Source "ChessBase"]
[SourceDate "1998.11.16"]
[SourceVersion "1"]
[SourceVersionDate "1998.11.16"]
[SourceQuality "1"]
[WhiteTeam "Kronach"]
[BlackTeam "Bamberg SC III"]
[WhiteTeamCountry "GER"]
[BlackTeamCountry "GER"]

1. d4 d5 2. Nf3 c5 3. dxc5 e6 4. e4 Bxc5 5. exd5 exd5 6. Bb5+ Nc6 7. 0-0 Nge7 8. c3 0-0 9. Nbd2 Bg4 10. Qa4 Bh5 11. Qh4 Bg6 12. Nb3 Bb6 13. Nbd4 Be4 14. Re1 Nxd4 15. Nxd4 Bxd4 16. cxd4 Qa5 17. f3 Nf5 18. Qf2 Nxd4 19. Qxd4 Qxe1+ 20. Bf1 f6 21. fxe4 dxe4 22. b3 Rfe8 23. Be3 Qa5 24. a4 a6 25. Bd2 Qh5 26. Re1 Rad8 27. Qb4 f5 28. Be3 Rd7 29. Be2 Qg6 30. Rd1 Rxd1+ 31. Bxd1 f4 32. Bxf4 e3 33. Qc4+ Kh8 34. Qe2 Qb1 35. Bg5 h6 36. Bh4 Re4 37. Be1 Rd4 38. Bc2 Rd2 39. Bxb1 Rxe2 40. Bc3 Rf2 41. a5 Rf8 42. Be4 Rc8 43. Be1 Rc7 44. Kf1 1-0